|
|
|
|
| LEADER |
00000naa2a2200000 4500 |
| 001 |
179858 |
| 005 |
20231031170603.0 |
| 035 |
|
|
|a (RuTPU)RU\TPU\book\194970
|
| 090 |
|
|
|a 179858
|
| 100 |
|
|
|a 20100429d2007 k y0rusy50 ca
|
| 101 |
0 |
|
|a rus
|
| 102 |
|
|
|a RU
|
| 200 |
1 |
|
|a Оценка воздействия сбросов загрязняющих веществ ООО "Стрежевой теплоэнергоснабжение" на экологическое состояние болота на окраине г. Стрежевого
|f Л. Н. Сухарева
|g науч. рук. О. Г. Савичев
|
| 320 |
|
|
|a Библиогр.: 1 назв.
|
| 463 |
|
0 |
|0 (RuTPU)RU\TPU\book\140171
|y 5-89503-079-3
|t Проблемы геологии и освоения недр
|o [сборник]
|o труды XI международного симпозиума имени академика М. А. Усова студентов и молодых учёных, посвященного 80-летию академика, Президента международного горного конгресса, Лауреата государственной премии СССР М. И. Щадову
|f Томский политехнический университет (ТПУ), Институт геологии и нефтегазового дела
|v С. 229-230
|d 2007
|p 764 с.
|
| 610 |
1 |
|
|a болота
|
| 610 |
1 |
|
|a Стрежевой
|
| 610 |
1 |
|
|a экологическое состояние
|
| 610 |
1 |
|
|a загрязняющие вещества
|
| 610 |
1 |
|
|a сбросы
|
| 610 |
1 |
|
|a оценка
|
| 610 |
1 |
|
|a труды учёных ТПУ
|
| 700 |
|
1 |
|a Сухарева
|b Л. Н.
|
| 702 |
|
1 |
|a Савичев
|b О. Г.
|4 727
|
| 801 |
|
1 |
|a RU
|b 63413507
|c 20100429
|
| 942 |
|
|
|c BK
|